|
|
|
|
| LEADER |
00000nam0a2200000 4500 |
| 001 |
164177 |
| 005 |
20231101222442.0 |
| 020 |
|
|
|a RU
|b 84-30438
|
| 035 |
|
|
|a (RuTPU)RU\TPU\book\178125
|
| 090 |
|
|
|a 164177
|
| 100 |
|
|
|a 20090902d1984 m y0rusy5003 ca
|
| 101 |
0 |
|
|a rus
|
| 102 |
|
|
|a RU
|
| 105 |
|
|
|a c z 000ay
|
| 200 |
1 |
|
|a Стихотворения. Поэмы
|f Н. И. Гнедич
|g сост., авт. предисл. и примеч. В. В. Афанасьев ; худож. Н. И. Калита
|
| 210 |
|
|
|a Москва
|c Советская Россия
|d 1984
|
| 215 |
|
|
|a 223 с.
|c грав.
|d 17 см
|
| 225 |
1 |
|
|a Поэтическая Россия
|
| 300 |
|
|
|a В кн. также: Стихотворения, посвященные Н. И. Гнедичу
|
| 600 |
|
0 |
|a Гомер
|c древнегреческий поэт
|f 12 в. до н.э.
|2 stltpush
|3 (RuTPU)RU\TPU\pers\667
|9 307
|
| 610 |
1 |
|
|a русская литература
|
| 610 |
1 |
|
|a стихи
|
| 610 |
1 |
|
|a поэзия
|
| 610 |
1 |
|
|a поэмы
|
| 675 |
|
|
|a Р1
|z rus
|
| 700 |
|
1 |
|a Гнедич
|b Н. И.
|c русский поэт
|c переводчик
|c журналист
|f 1784-1833
|g Николай Иванович
|2 stltpush
|3 (RuTPU)RU\TPU\pers\11915
|9 3024
|
| 702 |
|
1 |
|a Афанасьев
|b В. В.
|4 220
|
| 702 |
|
1 |
|a Калита
|b Н. И.
|4 440
|
| 801 |
|
0 |
|a RU
|b RuMRKP
|c 19950704
|g psbo
|
| 801 |
|
1 |
|a RU
|b 63413507
|c 20090902
|
| 801 |
|
2 |
|a RU
|b 63413507
|c 20090902
|g RCR
|
| 942 |
|
|
|c BK
|